000 00603nam a22001697a 4500
003 0
005 20220908140515.0
008 220908b xxu||||| |||| 00| 0 eng d
020 _a978-1-4758-6222-5
050 _aLB2355
_b.G76 2022
245 _aConnecting the dots of accreditation : leadership, coherence, and continuous improvement
_cBarry R. Groves; Marilyn S. George
260 _aUnited Kingdom
_bRowman & Littlefield
_cC2022
300 _axi, 108pp.
_c23cm.
_eIncludes bibliography and index
_fBook
500 _aAccreditation (education).
500 _aEducational leadership.
942 _2lcc
_cBK
999 _c364805
_d364805